Online
Catalog

Targum Jonatán de los profetas posteriores en tradición babilónica : (Record no. 5183)

MARC details
000 -CABECERA
campo de control de longitud fija 01520nam a2200325 a 4500
001 - NÚMERO DE CONTROL
campo de control 000005383
005 - FECHA Y HORA DE LA ÚLTIMA TRANSACCIÓN
campo de control 20200929151648.0
008 - DATOS DE LONGITUD FIJA--INFORMACIÓN GENERAL
campo de control de longitud fija 090819s1997 es 001 0 spa d
020 ## - NÚMERO INTERNACIONAL ESTÁNDAR DEL LIBRO
Número Internacional Estándar del Libro 8400076982
040 ## - FUENTE DE LA CATALOGACIÓN
Centro catalogador/agencia de origen DO-SdBNP
Lengua de catalogación spa
Centro/agencia transcriptor BNPHU
041 17 - CÓDIGO DE LENGUA
Código de lengua del texto/banda sonora o título independiente arc
Código de lengua original spa
082 ## - NÚMERO DE LA CLASIFICACIÓN DECIMAL DEWEY
Número de clasificación 224.1
Número de documento/Ítem B582t
049 ## - FONDOS LOCALES (OCLC)
Fondos de biblioteca BNPD
130 0# - ENTRADA PRINCIPAL--TÍTULO UNIFORME
Título uniforme Biblia.
Nombre de parte o sección de la obra A.T.
-- Ezequiel
Lenguaje de la obra Arameo
Título de la obra Targum Jonatán
9 (RLIN) 15272
245 10 - MENCIÓN DE TÍTULO
Título Targum Jonatán de los profetas posteriores en tradición babilónica :
Resto del título Ezequiel /
Mención de responsabilidad, etc. Josep Ribera Florit.
260 ## - PUBLICACIÓN, DISTRIBUCIÓN, ETC.
Lugar de publicación, distribución, etc. Madrid :
Nombre del editor, distribuidor, etc. Consejo Superior de Investigaciones Científicas,
Fecha de publicación, distribución, etc. 1997.
300 ## - DESCRIPCIÓN FÍSICA
Extensión 250 p. ;
Dimensiones 27 cm.
490 1# - MENCIÓN DE SERIE
Mención de serie Textos y Estudios "Cardenal Cisneros" de la Biblia Políglota Matritense
Designación de volumen o secuencia 62
500 ## - NOTA GENERAL
Nota general Introducción y notas en español, con texto en arameo, con caracteres hebreos.
546 ## - NOTA DE LENGUA/LENGUAJE
Nota de lengua/lenguaje Arameo, Español
630 04 - PUNTO DE ACCESO ADICIONAL DE MATERIA--TÍTULO UNIFORME
Título uniforme BIBLIA-A.T.-EZEQUIEL-CRÍTICA TEXTUAL
9 (RLIN) 15273
650 #4 - PUNTO DE ACCESO ADICIONAL DE MATERIA--TÉRMINO DE MATERIA
Término de materia o nombre geográfico como elemento de entrada Civilización asirio-babilónica
Subdivisión general Relación con el antiguo testamento
9 (RLIN) 15274
650 #4 - PUNTO DE ACCESO ADICIONAL DE MATERIA--TÉRMINO DE MATERIA
Término de materia o nombre geográfico como elemento de entrada Profetas
9 (RLIN) 15275
651 #4 - PUNTO DE ACCESO ADICIONAL DE MATERIA--NOMBRE GEOGRÁFICO
Nombre geográfico Babilonia
Subdivisión general Manustritos
9 (RLIN) 15276
700 1# - PUNTO DE ACCESO ADICIONAL--NOMBRE DE PERSONA
Nombre de persona Ribera Florit, Josep,
Término indicativo de función/relación introd.
9 (RLIN) 15277
710 2# - PUNTO DE ACCESO ADICIONAL--NOMBRE DE ENTIDAD CORPORATIVA
Nombre de entidad corporativa o nombre de jurisdicción como elemento de entrada Consejo Superior de Investigaciones Científicas (España).
Unidad subordinada Instituto de Filología Bíblica del CSIC.
-- Departamento de Filología Bíblica y de Oriente Antiguo
9 (RLIN) 15278
730 0# - PUNTO DE ACCESO ADICIONAL--TÍTULO UNIFORME
Título uniforme Biblia.
Nombre de parte o sección de la obra A.T.
-- Profetas
Lenguaje de la obra Arameo
Título de la obra Targum Jonatán
9 (RLIN) 15279
830 #0 - PUNTO DE ACCESO ADICIONAL DE SERIE-TÍTULO UNIFORME
Título uniforme Textos y Estudios "Cardenal Cisneros" de la Biblia Políglota Matritense
Designación de volumen o secuencia 62
9 (RLIN) 15280
910 ## - DATOS DE OPCIÓN DEL USUARIO (OCLC)
Datos de opción del usuario Validado. Control de calidad EMS
Holdings
Estado de retiro Estado de pérdida Restricciones de uso No para préstamo Código de colección Localización permanente Ubicación/localización actual Ubicación en estantería Fecha de adquisición Número de inventario Total de préstamos Signatura topográfica completa Código de barras Fecha visto por última vez Precio válido a partir de Tipo de ítem Koha
        Monografías: Libros y Folletos General General Depósito 19.08.2009 LF1   224.1 R484t 5383-10 25.06.2020 25.06.2020 Préstamo en sala

Powered by Koha